000 00791nam a2200313Ia 4500
008 171120s9999 xx 000 0 und d
020 _a753405172
050 _a551.4
050 _bG196 1993
100 _aGaneri, Anita
245 _aI wonder why the sea is salty :
245 _band other questions about the ocean /
245 _cby Anita Ganeri.
260 _aLondon :
260 _bKingfisher,
260 _c1993
300 _a32 pages :
300 _bcolor illustrations ;
300 _c29cm.
440 _aI wonder why.
650 _aMarine animals --
650 _aMarine ecology --
650 _aOcean --
650 _xJuvenile literature.
650 _xJuvenile literature.
650 _xJuvenile literature.
700 _aSeries.
700 _aTitle.
999 _c344970
_d344970